000 00949nam a22002297a 4500
005 20231229151544.0
010 _aB-756297-302
020 _a9788194780823
_c900.00
035 _aB-756297-302
037 _aBSB
082 _a371.73
100 _aAtaullah,S.K. MD
_960448
245 _aAnatomy and Physiology in Physical Education/
_cSK.MD. Ataullah & M.K Jagirdar at Gitte Dilip Nathrao, Nagargoje Subhash Gunaji
260 _aNew Delhi
_bKhel Sahitya kendra
_c2021
270 _a7/26, Ansari Road, Darya Ganj
_bNew Delhi
_e110002
300 _a222p.
_bcol.ill
_c23cm(Hb)
700 _aM.K Jagirdar
_959379
700 _aGitte Dilip Nathrao
_959380
700 _aNagaroje Subhash Gunaji
_959381
942 _2ddc
_cEN
_h371.73
_mATA
999 _c199415
_d199415